Công nghệ sản xuất rượu vang

में बचाया:
ग्रंथसूची विवरण
मुख्य लेखक:  Lê, Văn Việt Mẫn
स्वरूप: Sách
भाषा:Undetermined
प्रकाशित:  Đại học Quốc gia TP. Hồ Chí Minh  2017
विषय:
टैग : टैग जोड़ें
कोई टैग नहीं, इस रिकॉर्ड को टैग करने वाले पहले व्यक्ति बनें!
Thư viện lưu trữ: Trung tâm Thư viện - Trường Đại học Công nghiệp TP. Hồ Chí Minh
LEADER 00562nam a2200157Ia 4500
001 UIH_03159
008 231011s9999 xx 000 0 und d
082 |a  663.2 
100 |a  Lê, Văn Việt Mẫn 
245 0 |a  Công nghệ sản xuất rượu vang 
245 0 |c  Lê, Văn Việt Mẫn 
260 |b  Đại học Quốc gia TP. Hồ Chí Minh 
260 |c  2017 
650 |a  Công nghiệp rượu vang;  
927 |a Sách 
980 |a Trung tâm Thư viện - Trường Đại học Công nghiệp TP. Hồ Chí Minh